000 01091pam a2200301 a 4500
001 4871055
003 ARRUPE
005 20161205090717.0
008 921202s1993 pau b 001 0 eng
010 _a 92044252
020 _a1566390648 (alk. paper)
040 _aDLC
_cDLC
_dDLC
043 _an-us---
050 0 0 _aE185.615
_b.Z33 1993
082 0 0 _a305.8/00973
_220
100 1 _aZack, Naomi,
_d1944-
_927890
245 1 0 _aRace and mixed race /
_cNaomi Zack.
260 _aPhiladelphia :
_bTemple University Press,
_c1993.
300 _axv, 215 p. ;
_c24 cm.
504 _aIncludes bibliographical references (p. 201-206) and index.
650 0 _aRacism
_zUnited States.
_93379
650 0 _aRacially mixed people
_zUnited States.
_927891
650 0 _aFamilies
_zUnited States.
_927892
651 0 _aUnited States
_xRace relations.
_927893
906 _a7
_bcbc
_corignew
_d1
_eocip
_f19
_gy-gencatlg
942 _2lcc
_cMONOGRAPH
999 _c125860
_d125860